Western Political Thought (Record no. 11912)

MARC details
000 -LEADER
fixed length control field 00409nam a22001697a 4500
003 - CONTROL NUMBER IDENTIFIER
control field OSt
008 - FIXED-LENGTH DATA ELEMENTS--GENERAL INFORMATION
fixed length control field 230328b |||||||| |||| 00| 0 eng d
020 ## - INTERNATIONAL STANDARD BOOK NUMBER
International Standard Book Number 9789388658362
082 ## - DEWEY DECIMAL CLASSIFICATION NUMBER
Classification number 320.01 GAW
100 ## - MAIN ENTRY--PERSONAL NAME
Personal name GAUBA, O.P.
245 ## - TITLE STATEMENT
Title Western Political Thought
250 ## - EDITION STATEMENT
Edition statement 4th ed.
260 ## - PUBLICATION, DISTRIBUTION, ETC. (IMPRINT)
Place of publication, distribution, etc New Delhi
Name of publisher, distributor, etc National Paperbacks
Date of publication, distribution, etc 2023
300 ## - PHYSICAL DESCRIPTION
Extent 380 p.
650 ## - SUBJECT ADDED ENTRY--TOPICAL TERM
Topical term or geographic name as entry element Political Science
942 ## - ADDED ENTRY ELEMENTS (KOHA)
Source of classification or shelving scheme Dewey Decimal Classification
Koha item type Text Books
Holdings
Withdrawn status Lost status Source of classification or shelving scheme Damaged status Not for loan Collection code Home library Current library Date acquired Source of acquisition Currency Cost, normal purchase price Bill Number Total Checkouts Full call number Acc. no. / Barcode Date last seen Actual Cost, discounted price Bill Date Koha item type Date last borrowed
    Dewey Decimal Classification     B.A Economics PIET NCR College Library PIET NCR College Library 25/03/2023 International Book Centre In Rupees 350.00 IB/IN/1349   320.01 GAW N3412 28/03/2023 280.00 25/03/2023 Reference Books  
    Dewey Decimal Classification     B.A Economics PIET NCR College Library PIET NCR College Library 25/03/2023 International Book Centre In Rupees 350.00 IB/IN/1349 2 320.01 GAW N3413 12/06/2023 280.00 25/03/2023 Text Books 01/06/2023
    Dewey Decimal Classification     B.A Economics PIET NCR College Library PIET NCR College Library 25/03/2023 International Book Centre In Rupees 350.00 IB/IN/1349 4 320.01 GAW N3414 14/09/2023 280.00 25/03/2023 Text Books 03/08/2023
    Dewey Decimal Classification     B.A Economics PIET NCR College Library PIET NCR College Library 25/03/2023 International Book Centre In Rupees 350.00 IB/IN/1349 3 320.01 GAW N3415 12/06/2023 280.00 25/03/2023 Text Books 26/05/2023
    Dewey Decimal Classification     B.A Economics PIET NCR College Library PIET NCR College Library 25/03/2023 International Book Centre In Rupees 350.00 IB/IN/1349 4 320.01 GAW N3416 23/06/2023 280.00 25/03/2023 Text Books 13/06/2023

Design & Developed by: PIET Central Library
R70 Miles Stone Pattikalyana Samalkha Panipat 132102
mail ID :- [email protected], Phone No:- 0180-2569700 Ex.216